书目信息 |
| 题名: |
基于问题的高校教师信息化教学能力提升
|
|
| 作者: | 方明建 编著 | |
| 分册: | ||
| 出版信息: | 北京 科学出版社 2012 |
|
| 页数: | 11,155页 | |
| 开本: | 24cm | |
| 丛书名: | ||
| 单 册: | ||
| 中图分类: | G434 | |
| 科图分类: | ||
| 主题词: | 计算机辅助教学--教学能力--教学研究--高等学校 , 教学能力 , 教学研究 , 计算机辅助教学 | |
| 电子资源: | ||
| ISBN: | 978-7-03-035431-0 | |
| 000 | 01053nam0 2200265 45 | |
| 001 | 1355426796 | |
| 005 | 20130513105212.98 | |
| 010 | @a978-7-03-035431-0@dCNY40.00 | |
| 100 | @a20130108d2012 em y0chiy50 ea | |
| 101 | 0 | @achi |
| 102 | @aCN@b110000 | |
| 105 | @aa z 000yy | |
| 106 | @ar | |
| 200 | 1 | @a基于问题的高校教师信息化教学能力提升@AJi Yu Wen Ti De Gao Xiao Jiao Shi Xin Xi Hua Jiao Xue Neng Li Ti Sheng@f方明建编著@FFang Ming Jian Bian Zhu |
| 210 | @a北京@c科学出版社@d2012 | |
| 215 | @a11,155页@c图@d24cm | |
| 330 | @a本书针对高校教师信息化教学需要,基于问题地对与高校教师信息化教学密切相关的76个问题进行了阐述,包括教育教学基本理论、信息化环境下的教与学、教学媒体的应用、PPT课件的设计与制作、教学素材处理技巧、教学信息资源的获取与利用、网络素养基础知识等。 | |
| 606 | 0 | @a计算机辅助教学@x教学能力@x教学研究@x高等学校 |
| 606 | 0 | @a教学能力 |
| 606 | 0 | @a教学研究 |
| 606 | 0 | @a计算机辅助教学 |
| 690 | @aG434@v5 | |
| 701 | 0 | @a方明建@AFang Ming Jian@4编著 |
| 801 | @aCN@bTANGWEI@c20130111 | |
| 905 | @b0831276-78@dG434@e101@f3 | |
| 基于问题的高校教师信息化教学能力提升/方明建编著.-北京:科学出版社,2012 |
| 11,155页:图;24cm |
| ISBN 978-7-03-035431-0:CNY40.00 |
| 本书针对高校教师信息化教学需要,基于问题地对与高校教师信息化教学密切相关的76个问题进行了阐述,包括教育教学基本理论、信息化环境下的教与学、教学媒体的应用、PPT课件的设计与制作、教学素材处理技巧、教学信息资源的获取与利用、网络素养基础知识等。 |
| ● |
| 相关链接 |
|
|
|
|
正题名:基于问题的高校教师信息化教学能力提升
索取号:G434/101
 
预约/预借
| 序号 | 登录号 | 条形码 | 馆藏地/架位号 | 状态 | 备注 |
| 1 | 0831276 | 208312761 | 第一样本阅览室/ [索取号:G434/101] | 在馆 | |
| 2 | 0831277 | 208312770 | 第四借阅区/ [索取号:G434/101] | 在馆 | |
| 3 | 0831278 | 208312789 | 第四借阅区/ [索取号:G434/101] | 在馆 |